[Event "GBR-ch77"]
[Site "Eastbourne"]
[Date "1990.08.02"]
[Round "4.13"]
[White "Lewis, Andrew P"]
[Black "Hebden, Mark"]
[Result "0-1"]
[WhiteElo "2315"]
[BlackElo "2520"]
[PlyCount "255"]
[EventDate "1990.07.30"]
[EventType "swiss"]
[EventRounds "11"]
[EventCountry "GBR"]
[SourceTitle "BritBase"]

1. c4 g6 2. Nc3 Bg7 3. g3 Nf6 4. Bg2 O-O 5. e4 c5 6. Nge2 Nc6 7. O-O Ne8 8. f4
d6 9. h3 Nc7 10. d3 Rb8 11. f5 e6 12. g4 Nd4 13. Nxd4 Bxd4+ 14. Kh1 Qh4 15. Ne2
Be5 16. d4 cxd4 17. Nxd4 Qg3 18. Nf3 Bf4 19. Bd2 Bxd2 20. Qxd2 exf5 21. exf5
gxf5 22. Qg5+ Kh8 23. Qf6+ Kg8 24. Qg5+ Kh8 25. Qe7 Be6 26. Qf6+ Kg8 27. Qg5+
Kh8 28. Qf6+ Kg8 29. Ng5 Qe5 30. Qh6 Qg7 31. Qxg7+ Kxg7 32. gxf5 h6 33. fxe6
hxg5 34. exf7 Rxf7 35. Rxf7+ Kxf7 36. b3 b5 37. cxb5 Rxb5 38. Rc1 Rc5 39. Rxc5
dxc5 40. Kh2 Nb5 41. Kg3 Nc3 42. a3 Kf6 43. Bf1 Ne4+ 44. Kg4 Nd2 45. Bc4 Nxc4
46. bxc4 Kg6 47. a4 a5 48. Kf3 Kf5 49. Kg3 Ke4 50. Kg4 Kd4 51. Kxg5 Kxc4 52. h4
Kb3 53. h5 c4 54. h6 c3 55. h7 c2 56. h8=Q c1=Q+ 57. Kg6 Qc6+ 58. Kf7 Qxa4 59.
Qh3+ Kb2 60. Qh8+ Ka2 61. Qh2+ Ka3 62. Ke7 Qd4 63. Qg3+ Kb2 64. Qg2+ Kb3 65.
Qf3+ Kc4 66. Qe2+ Kb4 67. Qe1+ Kb5 68. Ke8 a4 69. Qb1+ Ka5 70. Qf5+ Kb6 71.
Qg6+ Kb5 72. Qf5+ Qc5 73. Qd3+ Qc4 74. Qf5+ Kb6 75. Qh3 Qc5 76. Kd8 a3 77. Qb3+
Ka5 78. Qa2 Qd4+ 79. Kc8 Qc3+ 80. Kd8 Qd3+ 81. Ke8 Kb4 82. Qf2 Qe4+ 83. Kd8
Qd5+ 84. Ke8 Qc6+ 85. Kd8 Qd6+ 86. Ke8 Kc3 87. Qe1+ Qd2 88. Qa1+ Kb4 89. Qb1+
Kc5 90. Qf5+ Qd5 91. Qf8+ Qd6 92. Qf2+ Kc6 93. Qf3+ Kc7 94. Qf7+ Kb6 95. Qb3+
Ka5 96. Qc3+ Qb4 97. Qc7+ Ka6 98. Qc6+ Ka7 99. Qc7+ Ka8 100. Qc2 Qb5+ 101. Kd8
Qa5+ 102. Kc8 Qa6+ 103. Kc7 Qb7+ 104. Kd8 Kb8 105. Qh2+ Ka7 106. Qc2 Qd5+ 107.
Kc7 Ka6 108. Qe2+ Ka5 109. Qe1+ Ka4 110. Qe8+ Kb3 111. Qe3+ Kb2 112. Qe2+ Kc3
113. Qe1+ Qd2 114. Qe5+ Qd4 115. Qe1+ Kb2 116. Qe2+ Kb3 117. Kb8 a2 118. Qf3+
Qc3 119. Qd5+ Qc4 120. Qf3+ Qc3 121. Qd5+ Qc4 122. Qf3+ Ka4 123. Qh1 Qg8+ 124.
Ka7 Qg7+ 125. Kb8 Qb2+ 126. Kc7 Qc3+ 127. Kb8 a1=Q 128. Qa8+ 0-1

[Event "GBR-ch77"]
[Site "Eastbourne"]
[Date "1990.08.02"]
[Round "4.14"]
[White "Sadler, Matthew D"]
[Black "Tozer, Richard"]
[Result "1-0"]
[WhiteElo "2470"]
[BlackElo "2285"]
[PlyCount "81"]
[EventDate "1990.07.30"]
[EventType "swiss"]
[EventRounds "11"]
[EventCountry "GBR"]
[SourceTitle "BritBase"]

1. b3 e5 2. Bb2 Nc6 3. c4 Nf6 4. e3 d6 5. d3 g6 6. Nf3 Bg7 7. Nc3 O-O 8. Nd2 d5
9. cxd5 Nxd5 10. a3 Be6 11. Qc2 f5 12. Be2 f4 13. Nxd5 Bxd5 14. e4 Be6 15. Nf3
Qe7 16. b4 a6 17. h3 Rad8 18. Rc1 Bf6 19. Qa4 Bd7 20. Qd1 b6 21. Rc2 Qd6 22.
Qa1 Nd4 23. Bxd4 exd4 24. O-O c5 25. bxc5 bxc5 26. Rfc1 Rc8 27. Nd2 h5 28. Nb3
f3 29. Bxf3 Bg5 30. e5 Qe7 31. Bd5+ Kh7 32. Re1 Rf5 33. Rce2 Bf4 34. g3 Rxe5
35. Rxe5 Bxe5 36. f4 h4 37. Rxe5 Qf6 38. Kh2 hxg3+ 39. Kxg3 Rf8 40. Qc1 Kg7 41.
Nxc5 1-0

[Event "GBR-ch77"]
[Site "Eastbourne"]
[Date "1990.08.02"]
[Round "4.15"]
[White "Hassabis, Demis"]
[Black "Murshed, Niaz"]
[Result "0-1"]
[WhiteElo "2285"]
[BlackElo "2465"]
[PlyCount "108"]
[EventDate "1990.07.30"]
[EventType "swiss"]
[EventRounds "11"]
[EventCountry "GBR"]
[SourceTitle "BritBase"]

1. e4 g6 2. d4 Bg7 3. Nc3 c6 4. Bc4 d6 5. Nf3 Nf6 6. Bb3 O-O 7. O-O Bg4 8. h3
Bxf3 9. Qxf3 e6 10. Bg5 h6 11. Bh4 Nbd7 12. Rad1 Qa5 13. Rfe1 d5 14. a3 b5 15.
e5 Nh7 16. Na2 Qb6 17. c3 c5 18. Nc1 cxd4 19. cxd4 Rac8 20. Qg4 Rfe8 21. Nd3 g5
22. Bg3 f5 23. exf6 Nhxf6 24. Qe2 Ne4 25. Be5 Nxe5 26. dxe5 Rf8 27. Qe3 Qxe3
28. Rxe3 Rc7 29. Re2 Kh8 30. Kh2 Nc5 31. Nxc5 Rxc5 32. Rde1 a5 33. a4 bxa4 34.
Bxa4 d4 35. Bb3 d3 36. Rd2 Rxe5 37. Rxe5 Bxe5+ 38. Kg1 Rd8 39. Bxe6 Bf4 40. Rd1
d2 41. g3 Be5 42. b3 Bc3 43. Kg2 Re8 44. Bg4 Re1 45. f4 Kg7 46. h4 gxf4 47.
gxf4 Kf6 48. Kf2 Bd4+ 49. Kg2 Be3 50. Kg3 Kg6 51. f5+ Kf6 52. Kh3 Ke5 53. Kg3
Kd4 54. f6 Kc3 0-1

[Event "GBR-ch77"]
[Site "Eastbourne"]
[Date "1990.08.02"]
[Round "4.16"]
[White "Mortazavi, Ali"]
[Black "Ward, Christopher R"]
[Result "1/2-1/2"]
[WhiteElo "2285"]
[BlackElo "2460"]
[PlyCount "81"]
[EventDate "1990.07.30"]
[EventType "swiss"]
[EventRounds "11"]
[EventCountry "GBR"]
[SourceTitle "BritBase"]

1. d4 Nf6 2. Nf3 e6 3. e3 c5 4. Bd3 b6 5. O-O Be7 6. b3 O-O 7. Bb2 cxd4 8. exd4
d6 9. Nbd2 Bb7 10. c4 Nbd7 11. Re1 Re8 12. Rc1 Qc7 13. Bb1 Rad8 14. b4 Qb8 15.
Qb3 Qa8 16. a4 a5 17. bxa5 bxa5 18. Qc2 Rc8 19. Qd3 Nf8 20. d5 exd5 21. Nd4 Ng6
22. Nf5 dxc4 23. Nxc4 Be4 24. Qd4 Bxf5 25. Bxf5 Rc5 26. Nb6 Qa7 27. Nc4 d5 28.
Ne3 Rxc1 29. Rxc1 Qxd4 30. Bxd4 Nf4 31. Kf1 Ne4 32. Bxe4 dxe4 33. Nf5 Bf8 34.
g3 Nd5 35. Rc6 g6 36. Nd6 Re6 37. Bc5 Nb4 38. Rc8 Nd3 39. Nxe4 Nxc5 40. Nxc5
Rd6 41. Nb7 1/2-1/2

[Event "GBR-ch77"]
[Site "Eastbourne"]
[Date "1990.08.02"]
[Round "4.17"]
[White "Bibby, Simon"]
[Black "Basman, Michael J"]
[Result "0-1"]
[WhiteElo "2280"]
[BlackElo "2370"]
[PlyCount "40"]
[EventDate "1990.07.30"]
[EventType "swiss"]
[EventRounds "11"]
[EventCountry "GBR"]
[SourceTitle "BritBase"]

1. e4 h6 2. d4 a6 3. f4 c5 4. Nf3 g5 5. fxg5 hxg5 6. Bxg5 Bg7 7. Nc3 cxd4 8.
Nxd4 Nc6 9. Nxc6 bxc6 10. Bc4 Qb6 11. Bb3 Rxh2 12. Rxh2 Qg1+ 13. Kd2 Qxh2 14.
Qf3 Qd6+ 15. Ke2 Qg6 16. Be3 a5 17. Rd1 Bxc3 18. bxc3 a4 19. Bc4 d5 20. Bxd5
cxd5 0-1

[Event "GBR-ch77"]
[Site "Eastbourne"]
[Date "1990.08.02"]
[Round "4.18"]
[White "Hawksworth, John C"]
[Black "Franklin, Chris"]
[Result "1/2-1/2"]
[WhiteElo "2370"]
[BlackElo "2275"]
[PlyCount "66"]
[EventDate "1990.07.30"]
[EventType "swiss"]
[EventRounds "11"]
[EventCountry "GBR"]
[SourceTitle "BritBase"]

1. d4 Nf6 2. c4 g6 3. g3 Bg7 4. Bg2 O-O 5. Nc3 d6 6. Nf3 c6 7. O-O Bf5 8. b3
Ne4 9. Bb2 Nxc3 10. Bxc3 Be4 11. Qd2 Nd7 12. Rad1 d5 13. cxd5 cxd5 14. Rc1 Nf6
15. Ba5 b6 16. Bb4 Bxf3 17. Bxf3 Qd7 18. Qe3 Rfe8 19. Rc2 e6 20. Rfc1 Rec8 21.
Qd3 a5 22. Ba3 Bf8 23. Bxf8 Kxf8 24. a4 Ke8 25. Rxc8+ Rxc8 26. Rxc8+ Qxc8 27.
Qb5+ Nd7 28. e4 Qc3 29. Kg2 dxe4 30. Bxe4 Qxd4 31. Bc6 Ke7 32. Bxd7 Qxd7 33.
Qxb6 Qd5+ 1/2-1/2

[Event "GBR-ch77"]
[Site "Eastbourne"]
[Date "1990.08.02"]
[Round "4.19"]
[White "Cullip, Stephen"]
[Black "Parker, Jonathan"]
[Result "1-0"]
[WhiteElo "2270"]
[BlackElo "2355"]
[PlyCount "81"]
[EventDate "1990.07.30"]
[EventType "swiss"]
[EventRounds "11"]
[EventCountry "GBR"]
[SourceTitle "BritBase"]

1. e4 c5 2. Nf3 d6 3. d4 cxd4 4. Nxd4 Nf6 5. Nc3 g6 6. Be3 Bg7 7. f3 Nc6 8. Qd2
O-O 9. Bc4 Bd7 10. h4 Rc8 11. Bb3 Ne5 12. O-O-O Nc4 13. Bxc4 Rxc4 14. h5 Nxh5
15. g4 Nf6 16. Bh6 Nxe4 17. Qe3 Rxc3 18. bxc3 Nf6 19. Bxg7 Kxg7 20. Rh2 Rg8 21.
Ne2 Kh8 22. Ng3 Be6 23. g5 Nd7 24. Rdh1 Rg7 25. Qxa7 Qc8 26. Qd4 Nf8 27. Ne4
Qc4 28. Qb6 d5 29. Nd2 Qxa2 30. Qxb7 Qa3+ 31. Kb1 Qxc3 32. Qxe7 Kg8 33. Qf6
Qb4+ 34. Nb3 Bf5 35. Kb2 Qb8 36. Rd2 Nd7 37. Qd4 Be6 38. Rdh2 Qc7 39. Re2 Qb8
40. Ra1 Nb6 41. Qxb6 1-0

[Event "GBR-ch77"]
[Site "Eastbourne"]
[Date "1990.08.02"]
[Round "4.20"]
[White "Ravikumar, Vaidyanathan"]
[Black "Jones, Andrew"]
[Result "0-1"]
[WhiteElo "2355"]
[BlackElo "2245"]
[PlyCount "72"]
[EventDate "1990.07.30"]
[EventType "swiss"]
[EventRounds "11"]
[EventCountry "GBR"]
[SourceTitle "BritBase"]

1. g3 e5 2. Bg2 d5 3. d3 c6 4. Nc3 Nf6 5. Nf3 Bd6 6. O-O O-O 7. e4 dxe4 8. Nxe4
Nxe4 9. dxe4 Bg4 10. h3 Bh5 11. b3 Qe7 12. Qe1 Bxf3 13. Bxf3 Na6 14. Qe2 Rfd8
15. h4 h6 16. c3 Nc7 17. Kg2 Bc5 18. Bg4 Ne6 19. b4 Bb6 20. Qc4 Rd6 21. a4 a6
22. Ra2 Rad8 23. Rc2 Qd7 24. Re1 Ba7 25. Ree2 Nf4+ 26. Kf3 Rd3+ 27. Be3 Rxe3+
28. fxe3 Qd1 29. gxf4 Qf1+ 30. Kg3 exf4+ 31. exf4 Bf2+ 32. Kf3 Bxh4+ 33. Ke3
Bf2+ 34. Kf3 b5 35. axb5 axb5 36. Rc1 Be1+ 0-1

[Event "GBR-ch77"]
[Site "Eastbourne"]
[Date "1990.08.02"]
[Round "4.21"]
[White "Knox, Victor W"]
[Black "Coleman, David"]
[Result "0-1"]
[WhiteElo "2335"]
[BlackElo "2235"]
[PlyCount "64"]
[EventDate "1990.07.30"]
[EventType "swiss"]
[EventRounds "11"]
[EventCountry "GBR"]
[SourceTitle "BritBase"]

1. e4 c5 2. Nf3 d6 3. d4 cxd4 4. Nxd4 Nf6 5. Nc3 a6 6. f4 Nbd7 7. Bd3 g6 8. Be3
Bg7 9. O-O Nc5 10. Kh1 Ng4 11. Bg1 e5 12. Nde2 h5 13. f5 gxf5 14. exf5 b5 15.
b4 Nxd3 16. Qxd3 Bb7 17. Rad1 Rg8 18. Nd5 Rc8 19. Ng3 Nf6 20. Nc3 Bf8 21. Rd2
Rg4 22. a3 h4 23. Re1 hxg3 24. Nxb5 axb5 25. Rxe5+ dxe5 26. Qxb5+ Bc6 27. Rxd8+
Kxd8 28. Qxe5 Nd7 29. Qa5+ Ke8 30. b5 Be4 31. h3 Rxc2 32. hxg4 Bxg2# 0-1

[Event "GBR-ch77"]
[Site "Eastbourne"]
[Date "1990.08.02"]
[Round "4.25"]
[White "Carton, Niall"]
[Black "Flear, Glenn C"]
[Result "0-1"]
[WhiteElo "2220"]
[BlackElo "2485"]
[PlyCount "52"]
[EventDate "1990.07.30"]
[EventType "swiss"]
[EventRounds "11"]
[EventCountry "GBR"]
[SourceTitle "BritBase"]

1. e4 e5 2. Nf3 Nc6 3. c3 Nf6 4. d4 Nxe4 5. d5 Ne7 6. Nxe5 Ng6 7. Qd4 Qf6 8.
Qxe4 Qxe5 9. Qxe5+ Nxe5 10. Bf4 d6 11. Be2 Be7 12. O-O Bd7 13. Nd2 O-O-O 14.
Rac1 h6 15. Be3 a6 16. c4 Rhe8 17. Nf3 Bg4 18. Nxe5 Bxe2 19. Nxf7 Rd7 20. Rfe1
Bh5 21. Nxh6 gxh6 22. Bxh6 Rg8 23. Kf1 Bf6 24. b3 Bb2 25. Rc2 Be5 26. h3 Rh7
0-1

[Event "GBR-ch77"]
[Site "Eastbourne"]
[Date "1990.08.02"]
[Round "4.32"]
[White "Giddins, Stephen W"]
[Black "Ansell, Simon T"]
[Result "1-0"]
[WhiteElo "2305"]
[BlackElo "2230"]
[PlyCount "81"]
[EventDate "1990.07.30"]
[EventType "swiss"]
[EventRounds "11"]
[EventCountry "GBR"]
[SourceTitle "BritBase"]
[Source "John Saunders"]
[SourceDate "2024.08.29"]
[SourceVersion "1"]
[SourceVersionDate "2024.08.29"]
[SourceQuality "1"]

1. c4 Nf6 2. Nc3 c5 3. g3 g6 4. Bg2 Bg7 5. e4 d6 6. Nge2 O-O 7. O-O Nc6 8. d3 Bd7 9. h3 a6 10. a4 Ne8 11. Be3 Nd4 12. Rb1 Rb8 13. b4 cxb4 14. Rxb4 Nxe2+ 15. Nxe2 b5 16. axb5 axb5 17. cxb5 Rxb5 18. Rxb5 Bxb5 19. Qb3 Qa5 20. Rb1 Nc7 21. Nd4 Ba4 22. Qc4 Bxd4 23. Bxd4 Bb5 24. Qb3 Qa4 25. Qc3 Ne6 26. Be3 Qa6 27. Ra1 Qc6 28. Qxc6 Bxc6 29. Ra7 Re8 30. d4 Ra8 31. d5 Nc5 32. Rxe7 Bb5 33. e5 Rd8 34. exd6 Nd7 35. Bd4 Nf8 36. Rb7 Bc4 37. Bb6 Rxd6 38. Rb8 f5 39. Bc5 Rf6 40. d6 Be6 41. Bc6 {Source: Steve Giddins} 1-0

[Event "GBR-ch77"]
[Site "Eastbourne"]
[Date "1990.08.03"]
[Round "5.3"]
[White "Martin, Andrew D"]
[Black "Mestel, A Jonathan"]
[Result "0-1"]
[WhiteElo "2415"]
[BlackElo "2505"]
[PlyCount "120"]
[EventDate "1990.07.30"]
[EventType "swiss"]
[EventRounds "11"]
[EventCountry "GBR"]
[SourceTitle "BritBase"]

1. d4 Nf6 2. Nf3 g6 3. c4 Bg7 4. Nc3 O-O 5. e4 d6 6. Be2 e5 7. O-O Na6 8. dxe5
dxe5 9. Qxd8 Rxd8 10. h3 Nc5 11. Bg5 c6 12. Rfd1 Re8 13. Bd3 Be6 14. b3 a5 15.
Bc2 Nfd7 16. Be3 h6 17. Rac1 Bf8 18. Bb1 f6 19. Ne1 Red8 20. Nd3 Nxd3 21. Bxd3
Ba3 22. Rb1 Nc5 23. Bc2 Bb4 24. Rxd8+ Rxd8 25. Rd1 Rxd1+ 26. Nxd1 h5 27. Nb2
Kf7 28. Kf1 f5 29. exf5 Bxf5 30. Bxf5 gxf5 31. Ke2 Ne4 32. Nd1 Ke6 33. Kd3 Nc5+
34. Ke2 e4 35. f3 Ke5 36. fxe4 fxe4 37. g4 hxg4 38. hxg4 Ne6 39. Nf2 Be7 40.
Nd1 Nf4+ 41. Kf1 Bb4 42. Bc1 Ne6 43. Ke2 Nf4+ 44. Kf1 Bc5 45. Bd2 b6 46. Ne3
Bb4 47. Bxb4 axb4 48. g5 Kd4 49. Nf5+ Kd3 50. Nh4 Kc2 51. g6 Nxg6 52. Nxg6 Kb2
53. Ne7 c5 54. Nd5 Kxa2 55. Ke2 Kxb3 56. Nxb6 Kc2 57. Ke3 b3 58. Na4 b2 59.
Nxb2 Kxb2 60. Kxe4 Kc3 0-1

[Event "GBR-ch77"]
[Site "Eastbourne"]
[Date "1990.08.03"]
[Round "5.4"]
[White "McNab, Colin Anderson"]
[Black "King, Daniel J"]
[Result "1/2-1/2"]
[WhiteElo "2385"]
[BlackElo "2560"]
[PlyCount "49"]
[EventDate "1990.07.30"]
[EventType "swiss"]
[EventRounds "11"]
[EventCountry "GBR"]
[SourceTitle "BritBase"]

1. Nf3 b5 2. e4 Bb7 3. Bxb5 Bxe4 4. d4 Nf6 5. O-O e6 6. c4 Be7 7. Nc3 Bb7 8. h3
O-O 9. Be3 d6 10. Re1 Nbd7 11. d5 e5 12. b4 g6 13. Bc6 Qc8 14. c5 dxc5 15. bxc5
Bxc6 16. dxc6 Nxc5 17. Nd5 Nxd5 18. Qxd5 Rd8 19. Qxe5 Ne6 20. Nd4 Bd6 21. Qf6
Re8 22. Nf5 gxf5 23. Bd4 Nxd4 24. Qg5+ Kf8 25. Qh6+ 1/2-1/2

[Event "GBR-ch77"]
[Site "Eastbourne"]
[Date "1990.08.03"]
[Round "5.5"]
[White "Hodgson, Julian M"]
[Black "Howell, James C"]
[Result "1/2-1/2"]
[WhiteElo "2555"]
[BlackElo "2415"]
[PlyCount "283"]
[EventDate "1990.07.30"]
[EventType "swiss"]
[EventRounds "11"]
[EventCountry "GBR"]
[SourceTitle "BritBase"]

1. d4 Nf6 2. Nf3 e6 3. Bg5 c5 4. e3 Be7 5. dxc5 Bxc5 6. c4 Bb4+ 7. Nbd2 Nc6 8.
Bd3 b6 9. O-O Be7 10. Rc1 Bb7 11. Qe2 O-O 12. Rfd1 Rc8 13. Bb1 Qc7 14. Bxf6
Bxf6 15. Ne4 Be7 16. Qd3 Rfd8 17. Nc3 g6 18. Nd5 exd5 19. cxd5 Bf6 20. dxc6
dxc6 21. Qe2 c5 22. b3 Rxd1+ 23. Rxd1 c4 24. bxc4 Qxc4 25. Qxc4 Rxc4 26. Nd2
Rc7 27. f3 Rd7 28. Bc2 Kf8 29. Ne4 Rxd1+ 30. Bxd1 Be5 31. Bb3 h6 32. Kf2 Ke7
33. Nd2 b5 34. a4 bxa4 35. Bxa4 Bd5 36. e4 Be6 37. h3 Kd6 38. Ke3 g5 39. Nb3
Bc4 40. Nd4 Kc5 41. Nf5 Kb4 42. Be8 a5 43. g3 a4 44. Bxa4 Kxa4 45. f4 gxf4+ 46.
gxf4 Bc3 47. Nxh6 Kb5 48. h4 Kc6 49. h5 Kd7 50. e5 Ke8 51. Ng4 Kf8 52. f5 Kg7
53. Ke4 Bb3 54. Kd3 Bb2 55. Kd2 Kh7 56. Kd3 Kg8 57. Ke4 Kh7 58. Kd3 Kg7 59. Kd2
Bd5 60. Ke3 Bc4 61. Ke4 Be2 62. Nf6 Kh6 63. Kd5 Bf3+ 64. Kd6 Kg5 65. Ke7 Kxf5
66. Kxf7 Bxe5 67. Ne8 Bxh5+ 68. Ke7 Bc3 69. Nd6+ Ke5 70. Kd7 Bg4+ 71. Kc7 Kd5
72. Nb7 Bd4 73. Na5 Be3 74. Nb7 Bh3 75. Na5 Kc5 76. Nb7+ Kb5 77. Nd6+ Ka6 78.
Nc4 Bf4+ 79. Kc6 Bg4 80. Kc5 Bf3 81. Kb4 Bg5 82. Nb2 Bd2+ 83. Kc4 Ka5 84. Kd3
Bg5 85. Kc4 Bf6 86. Kb3 Kb5 87. Kc2 Be4+ 88. Kb3 Bg6 89. Nd1 Bh4 90. Nc3+ Kc5
91. Na4+ Kd4 92. Nb2 Be1 93. Nd1 Kd3 94. Nb2+ Ke2 95. Na4 Kd2 96. Nc5 Be8 97.
Kc4 Ke3 98. Kd5 Bb4 99. Nb7 Bb5 100. Nd6 Ba4 101. Nb7 Bd1 102. Kc6 Kd4 103. Kb5
Be1 104. Kc6 Ba4+ 105. Kc7 Kd5 106. Kb6 Bg3 107. Ka5 Bd7 108. Kb6 Be8 109. Na5
Kd6 110. Nb7+ Kd7 111. Nc5+ Kc8 112. Ne4 Bh2 113. Kc5 Kc7 114. Nf6 Bg6 115. Kd5
Bf7+ 116. Ke4 Kd6 117. Ng4 Bg6+ 118. Ke3 Bg1+ 119. Kf4 Be8 120. Ke4 Ke6 121.
Ne3 Bb5 122. Ng4 Bc6+ 123. Kd3 Bf3 124. Ne3 Ke5 125. Nc4+ Kf4 126. Kc3 Bc5 127.
Nb2 Ke3 128. Nc4+ Ke2 129. Nb2 Bf8 130. Kc2 Bd5 131. Kc3 Be6 132. Kc2 Bb4 133.
Na4 Be1 134. Nc3+ Ke3 135. Nd1+ Kd4 136. Nb2 Bf7 137. Na4 Kc4 138. Nb2+ Kb5
139. Nd1 Kb4 140. Kd3 Bh4 141. Ne3 Bg6+ 142. Ke2 1/2-1/2

[Event "GBR-ch77"]
[Site "Eastbourne"]
[Date "1990.08.03"]
[Round "5.6"]
[White "Morris, Philip"]
[Black "Norwood, David"]
[Result "0-1"]
[WhiteElo "2380"]
[BlackElo "2515"]
[PlyCount "80"]
[EventDate "1990.07.30"]
[EventType "swiss"]
[EventRounds "11"]
[EventCountry "GBR"]
[SourceTitle "BritBase"]

1. e4 g6 2. d4 Bg7 3. Nc3 c6 4. f4 d5 5. e5 h5 6. Be3 Nh6 7. Nf3 Bg4 8. Be2 Nf5
9. Qd2 e6 10. Nd1 Nd7 11. O-O Bh6 12. Nf2 Bxf3 13. Bxf3 Nxe5 14. dxe5 d4 15.
Bxd4 Qxd4 16. Qxd4 Nxd4 17. Nd3 Nxc2 18. Rac1 Nd4 19. Kf2 O-O-O 20. Rfd1 Nxf3
21. Kxf3 Rd4 22. g3 Rhd8 23. Nf2 Bf8 24. Rxd4 Rxd4 25. Rc2 Kc7 26. Ke3 Rd5 27.
Ne4 Be7 28. Rc1 a5 29. b3 b5 30. h3 a4 31. g4 h4 32. bxa4 b4 33. Rb1 Ra5 34.
Nd6 Rxa4 35. Nxf7 Rxa2 36. Nh8 Bc5+ 37. Kd3 Ra3+ 38. Ke2 Re3+ 39. Kd2 Rxh3 40.
Nxg6 Rg3 0-1

[Event "GBR-ch77"]
[Site "Eastbourne"]
[Date "1990.08.03"]
[Round "5.7"]
[White "McDonald, Neil R"]
[Black "Conquest, Stuart"]
[Result "1/2-1/2"]
[WhiteElo "2350"]
[BlackElo "2460"]
[PlyCount "31"]
[EventDate "1990.07.30"]
[EventType "swiss"]
[EventRounds "11"]
[EventCountry "GBR"]
[SourceTitle "BritBase"]

1. e4 c6 2. d4 d5 3. Nd2 dxe4 4. Nxe4 Nd7 5. Ng5 Ngf6 6. Bd3 e6 7. N1f3 Bd6 8.
Qe2 h6 9. Ne4 Nxe4 10. Qxe4 Qc7 11. Qg4 g5 12. Qh3 Rg8 13. Bh7 Rh8 14. Bd3 Rg8
15. Bh7 Rh8 16. Bd3 1/2-1/2

[Event "GBR-ch77"]
[Site "Eastbourne"]
[Date "1990.08.03"]
[Round "5.8"]
[White "Emms, John M"]
[Black "Buckley, Graeme"]
[Result "1-0"]
[WhiteElo "2430"]
[BlackElo "2225"]
[PlyCount "53"]
[EventDate "1990.07.30"]
[EventType "swiss"]
[EventRounds "11"]
[EventCountry "GBR"]
[SourceTitle "BritBase"]

1. e4 c5 2. Nf3 d6 3. c3 Nf6 4. Bd3 g6 5. Bc2 Bg7 6. O-O O-O 7. d4 Nc6 8. h3
cxd4 9. cxd4 d5 10. e5 Ne4 11. Nc3 Nxc3 12. bxc3 f6 13. exf6 exf6 14. Re1 Re8
15. Bf4 Be6 16. c4 Qd7 17. Rxe6 Rxe6 18. cxd5 Qxd5 19. Bb3 Qe4 20. Bxe6+ Qxe6
21. d5 Qe4 22. dxc6 Qxf4 23. Qb3+ Kh8 24. Qxb7 Re8 25. c7 Qc4 26. Rd1 Qg8 27.
Qd5 1-0

[Event "GBR-ch77"]
[Site "Eastbourne"]
[Date "1990.08.03"]
[Round "5.9"]
[White "Littlewood, John Eric"]
[Black "Suba, Mihai"]
[Result "0-1"]
[WhiteElo "2320"]
[BlackElo "2520"]
[PlyCount "58"]
[EventDate "1990.07.30"]
[EventType "swiss"]
[EventRounds "11"]
[EventCountry "GBR"]
[SourceTitle "BritBase"]

1. e4 c5 2. c3 d5 3. exd5 Qxd5 4. d4 e6 5. Nf3 Nf6 6. Na3 Qd8 7. Bd3 Nc6 8.
dxc5 Bxc5 9. Nc4 Qc7 10. Qe2 b6 11. O-O Bb7 12. a4 O-O 13. Bg5 Rfd8 14. Nfe5
Nxe5 15. Nxe5 Rd5 16. Rae1 Rad8 17. Bb1 h6 18. Bxf6 gxf6 19. Ng4 Qf4 20. Qe4
Qg5 21. Qf3 f5 22. Ne3 R5d7 23. Qh3 Ba6 24. f4 Qg4 25. Rf3 Rd1 26. Qg3 Qxg3 27.
Rxg3+ Kf8 28. Rxd1 Rxd1+ 29. Kf2 Rf1# 0-1

[Event "GBR-ch77"]
[Site "Eastbourne"]
[Date "1990.08.03"]
[Round "5.10"]
[White "Hebden, Mark"]
[Black "Large, Peter G"]
[Result "1/2-1/2"]
[WhiteElo "2520"]
[BlackElo "2325"]
[PlyCount "116"]
[EventDate "1990.07.30"]
[EventType "swiss"]
[EventRounds "11"]
[EventCountry "GBR"]
[SourceTitle "BritBase"]

1. d4 Nf6 2. Nf3 d5 3. e3 c5 4. c4 e6 5. Nc3 dxc4 6. Bxc4 a6 7. a4 Nc6 8. O-O
Be7 9. Qe2 cxd4 10. Rd1 e5 11. exd4 exd4 12. Nxd4 Nxd4 13. Qe5 O-O 14. Rxd4 Qb6
15. a5 Qc5 16. Bf4 Qxe5 17. Bxe5 Be6 18. Be2 Bc5 19. Rd2 Rad8 20. Rxd8 Rxd8 21.
Bf3 Rd2 22. Bg3 Bd4 23. Ra4 Bxc3 24. bxc3 Bd5 25. Kf1 Bxf3 26. gxf3 Rd7 27. c4
Kf8 28. Rb4 Ng8 29. c5 Ne7 30. Bd6 Ke8 31. Ke2 f6 32. Bxe7 Rxe7+ 33. Kd3 Kd8
34. Rb6 Kc7 35. c6 bxc6 36. Rxa6 Kb7 37. Rb6+ Kc7 38. Rb1 Re5 39. a6 Ra5 40.
Rb7+ Kd6 41. a7 g5 42. Rxh7 Kd5 43. f4 Ra3+ 44. Kc2 g4 45. Kb2 Ra6 46. Re7 Kd6
47. Rb7 Ke6 48. Kc3 Kf5 49. Rf7 Ke4 50. Rxf6 Rxa7 51. Rxc6 Rh7 52. Kd2 Rxh2 53.
Ke1 Kxf4 54. Rc3 Rh3 55. Rxh3 gxh3 56. Kf1 Kf3 57. Kg1 h2+ 58. Kxh2 Kxf2
1/2-1/2

[Event "GBR-ch77"]
[Site "Eastbourne"]
[Date "1990.08.03"]
[Round "5.11"]
[White "Collinson, Adam"]
[Black "Watson, William N"]
[Result "0-1"]
[WhiteElo "2315"]
[BlackElo "2495"]
[PlyCount "100"]
[EventDate "1990.07.30"]
[EventType "swiss"]
[EventRounds "11"]
[EventCountry "GBR"]
[SourceTitle "BritBase"]

1. e4 g6 2. d4 d6 3. Nc3 Bg7 4. Nf3 Nf6 5. Be2 c5 6. dxc5 Qa5 7. O-O Qxc5 8.
Be3 Qc7 9. h3 O-O 10. Re1 Nbd7 11. Nd4 a6 12. a4 e6 13. Nb3 b6 14. f4 Bb7 15.
Bf3 Rac8 16. Qd2 Nc5 17. Nxc5 bxc5 18. Rad1 Rfd8 19. Qf2 d5 20. exd5 exd5 21.
Bc1 d4 22. Ne2 Nd5 23. f5 Re8 24. Bxd5 Bxd5 25. b3 Qc6 26. Bg5 Re5 27. Ng3 Rce8
28. Rxe5 Bxe5 29. Re1 f6 30. Bf4 Bxf4 31. Rxe8+ Qxe8 32. Qxf4 Qe1+ 33. Kh2 Qe5
34. Qf2 h5 35. Kg1 h4 36. Ne2 g5 37. Nc1 Be4 38. Nd3 Qxf5 39. Qxf5 Bxf5 40.
Nxc5 Bxc2 41. Kf2 a5 42. Ke2 Kf7 43. Kd2 Bf5 44. Nb7 Ke6 45. Nxa5 Be4 46. b4
Bxg2 47. Nb3 Kd5 48. b5 Bxh3 49. a5 Bd7 50. b6 Bc8 0-1

[Event "GBR-ch77"]
[Site "Eastbourne"]
[Date "1990.08.03"]
[Round "5.12"]
[White "Jones, Andrew"]
[Black "Sadler, Matthew D"]
[Result "0-1"]
[WhiteElo "2245"]
[BlackElo "2470"]
[PlyCount "60"]
[EventDate "1990.07.30"]
[EventType "swiss"]
[EventRounds "11"]
[EventCountry "GBR"]
[SourceTitle "BritBase"]

1. e4 c5 2. Nf3 d6 3. d4 cxd4 4. Nxd4 Nf6 5. Nc3 a6 6. a4 g6 7. Be2 Bg7 8. O-O
O-O 9. Nb3 Nc6 10. Bg5 b6 11. f4 Bb7 12. Bf3 Nd7 13. Kh1 Re8 14. Qd2 Ra7 15.
Rae1 Ba8 16. Nd1 b5 17. axb5 axb5 18. c3 Qb8 19. Nd4 Qb6 20. Nc2 Nc5 21. Qf2
Qc7 22. Re3 h6 23. Bh4 Ra2 24. Be2 Na4 25. Bxb5 Nxb2 26. Rg3 Qa5 27. Nb4 Nxb4
28. Bxe8 Nxd1 29. Qf3 Nxc3 30. Bxe7 Nxe4 0-1

[Event "GBR-ch77"]
[Site "Eastbourne"]
[Date "1990.08.03"]
[Round "5.13"]
[White "Murshed, Niaz"]
[Black "Cullip, Stephen"]
[Result "1/2-1/2"]
[WhiteElo "2465"]
[BlackElo "2270"]
[PlyCount "58"]
[EventDate "1990.07.30"]
[EventType "swiss"]
[EventRounds "11"]
[EventCountry "GBR"]
[SourceTitle "BritBase"]

1. d4 Nf6 2. c4 e6 3. Nc3 Bb4 4. f3 d5 5. a3 Bxc3+ 6. bxc3 h6 7. cxd5 exd5 8.
e3 O-O 9. Bd3 c5 10. Ne2 Nc6 11. O-O Re8 12. Ng3 Be6 13. Ra2 Rc8 14. Re2 Qb6
15. Kh1 Na5 16. Rb2 Qd6 17. e4 cxd4 18. cxd4 dxe4 19. fxe4 Qxd4 20. e5 Qxe5 21.
Rb5 Rc5 22. Rxc5 Qxc5 23. Bb2 Ng4 24. Ne4 Qc7 25. Ng3 Nb3 26. Qe2 Re7 27. Bb1
Bf5 28. Qf3 Bxb1 29. Qxg4 f5 1/2-1/2